000 03009cam0 2200529 ib4500
001 BY-NLB-br0001096100
005 20260402103019.0
010 ^a978-5-98156-532-8
^bв переплете
100 ^a20140707d2013 k y0rusy50 ca
101 0 ^arus
102 ^aRU
105 ^ay z 010yy
109 ^aaa
181 0 ^ai4
182 0 ^an
200 1 ^aСмоленское порубежье
^e(Вязьма, Дорогобуж, Гжатск)
^fсоставитель, автор предисловия П. И. Привалов
203 ^aТекст
^cнепосредственный
210 ^d2013
215 ^a287 с.
320 ^aБиблиография в подстрочных примечаниях
345 ^9800 экз.
461 1 ^12001
^aСмоленская земля в памятниках русской словесности
^e[сборник
^fпод общей редакцией В. В. Ильина]
^vТ. 30
^1010
^a978-5-98156-366-9
^bв переплете
^1210
^aСмоленск
^cМаджента
^d2012—2013
^1215
^d22 см
606 ^3BY-NLB-ar7989
^aГОРОДА
^2DVNLB
606 ^3BY-NLB-ar46106
^aПРИГРАНИЧНЫЕ ТЕРРИТОРИИ
^2DVNLB
606 ^3BY-NLB-ar14978
^aКРАЕВЕДЕНИЕ
^2DVNLB
606 ^3BY-NLB-ar12428
^aИСТОРИЯ (наука)
^2DVNLB
607 ^3BY-NLB-ar51430
^aСмоленская губерния
^2BY-auth
607 ^3BY-NLB-ar47030
^aРоссийская империя
^2BY-auth
607 ^3BY-NLB-ar65941
^aВязьма, город (Смоленская область; Россия)
^2BY-auth
607 ^3BY-NLB-ar7765065
^aДорогобуж, город (Россия)
^2BY-auth
607 ^3BY-NLB-ar2295293
^aДорогобужский район (Смоленская область; Россия)
^2BY-auth
607 ^3BY-NLB-ar2784184
^aГагарин, город (Смоленская область; Россия)
^2BY-auth
660 ^ae-bw
660 ^ae-ru
686 ^a83.3(2Рос) + 26.890(2)
^2rubbk
690 ^a1
^2Base
^9BY-MI0000
^xRSEK
702 1 ^aИльин
^bВ. В.
^4340
702 1 ^3BY-SEK-ar7501805
^aПривалов
^bП. И.
^gПетр Иванович
^4220
^4080
801 0 ^aBY
^bBY-HM0000
^c20140707
^gpsbo
801 2 ^aBY
^bBY-MI0000
^c20260323
^gRCR
035 ^a(BY-MI0000)BY-NLB-br0001096100
899 0 ^aBY-MI0000
^iС511
^h83.3(2Рос)